| 000 | 01048nam a2200241Ia 4500 | ||
|---|---|---|---|
| 001 | 9852 | ||
| 003 | GE_BSU | ||
| 008 | 181216s||||||||xx |||||||||||||| ||und|| | ||
| 020 | _a9789941006586 | ||
| 040 | _cGE_BSU | ||
| 080 | _a821.353.1.09+94(479.22:569.4)+94(=411.16)(479.22) | ||
| 100 | _aნიკოლეიშვილი,ავთანდილ | ||
| 245 | _aებრაული თემა ქართულ მწერლობაში | ||
| 245 | _cრედ:სოსო სიგუა, რუბენ ენუქაშვილი | ||
| 260 | _aქუთაისი | ||
| 260 | _bსაგამომცემლო ცენტრი | ||
| 260 | _c2008 | ||
| 300 | _a320გვ;20სმ | ||
| 300 | _bგარეკანზე:შოთა რუსთაველის პორტრეტი იერუსალიმის ჯვრის მონასტერში. | ||
| 541 | _h12ლ | ||
| 653 | _aებრაული თემა ქართულ მწერლობაში | ||
| 942 | _cBK | ||
| 999 |
_c43131 _d43131 |
||